000
00294nam a22001097a 4500
082
_a
574
_b
DHA/P
100
_a
P.S.DHAMI, G. CHOPRA, H.N.SRIVASTAVA
245
_a
PRADEEPS TEXTBOOK OF BIOLOGY
260
_a
JALANDHAR
_b
PRADEEP PUBLICATIONS
_c
2011
650
_a
BIOLOGY FOR CLASS XII
_z
INDIA
942
_c
BK
999
_c
734
_d
734